| 000 | 00381nam a2200157Ia 4500 | ||
|---|---|---|---|
| 008 | 151213s9999 xx 000 0 und d | ||
| 100 | _aBrean Hamnond | ||
| 245 |
_aGulliver's Travels Notes _cBrean Hamnond |
||
| 250 | _a1st | ||
| 260 |
_aNew Delhi _bViva Books _c2003 |
||
| 300 | _a2477 p. | ||
| 650 | _aEnglish | ||
| 650 | _aEnglish | ||
| 700 | _aBrean Hamnond | ||
| 999 |
_c1704 _d1704 |
||